000 00647nam a22002297a 4500
003 UA-OsUOA
001 93330
007 ta
008 20130117b un ||||| |||| 00| 0 ukr d
100 _aГарднер Э.
090 _a821.111
_bГ20
942 _cBK
040 _aUA-OsUOA
_brus
_cUA-OsUOA
_dUA-OsUOA
245 _aСмертельная игрушка; Секрет сонного комаря
_bроманы
300 _a295 с.
955 _a3
041 _arus
080 _a821.111
260 _aГомель
_bСигма
_c1992
650 7 _a82 Література. Літературознавство
_2UDC
999 _c379575
_d379575